[Event "EU-Cup 13th final play-off"]
[Site "Kazan"]
[Date "1997.12.30"]
[Round "4"]
[White "Onischuk, Alexander"]
[Black "Macieja, Bartlomiej"]
[Result "1/2-1/2"]
[WhiteElo "2625"]
[BlackElo "2470"]
[Annotator "Schulz,Andre"]
[PlyCount "86"]
[EventDate "1997.12.30"]
[EventType "team-match"]
[EventRounds "1"]
[EventCountry "RUS"]
[SourceTitle "EXT 2020"]
[Source "ChessBase"]
[SourceDate "2019.10.17"]
[SourceVersion "1"]
[SourceVersionDate "2019.10.17"]
[SourceQuality "1"]
[WhiteTeam "Azov Ladya"]
[BlackTeam "Warszawa Polonia"]
[WhiteTeamCountry "RUS"]
[BlackTeamCountry "POL"]

1. e4 c5 2. Nf3 d6 3. d4 Nf6 4. Nc3 cxd4 5. Nxd4 g6 6. f3 Bg7 7. Be3 Nc6 8. Qd2
O-O 9. O-O-O Nxd4 10. Bxd4 Be6 11. Kb1 Qc7 12. g4 Rfc8 13. h4 Qa5 14. Nd5 (14.
h5 $6 Rxc3 15. Qxc3 Qxa2+ 16. Kc1 Bh6+ 17. Be3 Rc8 $44 {Kosmac,B-Stojnic,M/
SLO-chJ 1993/EXT 93ch/0-1 (59)}) (14. a3) (14. Qg5 $5) 14... Qxd2 15. Nxf6+
Bxf6 16. Rxd2 Bxd4 17. Rxd4 h6 (17... Kg7 {Molnar,B-O'Donnell,T/Spring op 1991/
TD 91\05/0-1 (52)}) 18. a4 (18. Be2 {Kondou,E-Petraki,M/GRE-chW 1996/EXT 96ch2/
1-0 (67)}) 18... Kg7 $11 {Dieses Endspiel verspricht nicht viel.} 19. Rb4 b6
20. Ba6 Rc5 21. Kc1 Kf6 22. Kd2 d5 23. Re1 dxe4 24. Rbxe4 Rd8+ 25. Bd3 g5 26.
hxg5+ hxg5 27. b4 Rc4 28. Rxc4 Bxc4 29. Ke3 Bxd3 30. cxd3 Rc8 31. Kd4 Rc2 32.
Re5 e6 33. Rb5 Rf2 (33... Rb2 $5) 34. Ke3 Ra2 35. a5 bxa5 36. bxa5 e5 37. d4
Ra3+ 38. Ke4 exd4 39. Rf5+ Ke6 40. Kxd4 Ra4+ 41. Ke3 f6 42. Rc5 Kd6 43. Rb5 Ke6
1/2-1/2

[Event "GER-ch 70th"]
[Site "Bremen"]
[Date "1998.11.06"]
[Round "1"]
[White "Mueller, Karsten"]
[Black "Schumacher, Olaf"]
[Result "1-0"]
[WhiteElo "2550"]
[BlackElo "2330"]
[Annotator "Schulz,Andre"]
[PlyCount "49"]
[EventDate "1998.11.06"]
[EventType "swiss"]
[EventRounds "9"]
[EventCountry "GER"]
[SourceTitle "CBM 068"]
[Source "ChessBase"]
[SourceDate "1999.02.01"]
[SourceVersion "1"]
[SourceVersionDate "1999.02.01"]
[SourceQuality "1"]

1. e4 c5 2. Nf3 d6 3. d4 cxd4 4. Nxd4 Nf6 5. Nc3 g6 6. Be3 Bg7 7. f3 O-O 8. Qd2
Nc6 9. O-O-O (9. g4 Bxg4 $6 (9... Be6 $142) 10. fxg4 Nxg4 11. Nb3 $16) 9... Bd7
10. g4 Bxg4 $2 {Variantenverwechslung oder Absicht?} 11. fxg4 Nxg4 12. Nb3 {
Gegenüber der im 9.Zug angegebenen Variante, die auch schon schlecht ist, hat
Weiß ein Tempo mehr.} a5 13. a4 $1 Nb4 14. Kb1 Nxe3 15. Qxe3 Rc8 16. h4 h5 17.
Rh2 Qd7 {Mit einer Falle, Weiß darf Bauer a5 nicht nehmen.} 18. Bb5 $1 (18.
Nxa5 $4 Rxc3 19. bxc3 Qxa4 $40) 18... Qe6 19. Re2 Qe5 20. Nxa5 Rc7 21. Nc4 Qf6
22. Qf2 Qe6 23. Nd5 Nxd5 24. exd5 Qc8 25. Qf4 {Schwarz hat nun bei einer
glatten Minusfigur Null Gegenspiel und auch keine Lust mehr.} 1-0

[Event "RUS-Cup Final"]
[Site "Sochi"]
[Date "1997.09.18"]
[Round "2"]
[White "Voitsekhovsky, Stanislav"]
[Black "Fedorov, Alexei"]
[Result "0-1"]
[WhiteElo "2480"]
[BlackElo "2600"]
[Annotator "Schulz,Andre"]
[PlyCount "56"]
[EventDate "1997.09.17"]
[EventType "tourn"]
[EventRounds "11"]
[EventCountry "RUS"]
[EventCategory "13"]
[SourceTitle "CBM 062"]
[Source "ChessBase"]
[SourceDate "1998.01.31"]
[SourceVersion "1"]
[SourceVersionDate "1998.01.31"]
[SourceQuality "1"]

1. e4 c5 2. Nf3 d6 3. d4 cxd4 4. Nxd4 Nf6 5. Nc3 g6 6. Be3 Bg7 7. f3 O-O 8. Qd2
Nc6 9. O-O-O Bd7 (9... d5) (9... Nxd4 10. Bxd4 Be6) 10. g4 Rc8 11. g5 Nh5 12.
Kb1 Ne5 13. b3 $2 {Die Idee von 11.g4-g5 war, mit f3-f4 und Bf1-e2 den Nh5 zu
bedrängen. Wenn Schwarz aber Ne5-c4 spielt, müsste Weiß den Bf1 tauschen und
könnte diesen Plan nicht verwirklichen. Im Bemühen Nc4 zu verhindern übersieht
Weiß aber eine taktische Möglichkeit.} Nxf3 14. Nxf3 Bxc3 $17 {[%csl Ra3,Rb2,
Rc3][%cal Yd8a5,Ya5a3] Damit ist für Weiß alles schief gelaufen. Weiß hat
einen Bauern eingestellt, der Bauer auf g5 behindert den Angriff und außerdem
sind die schwarzen Felder um den weißen König schwach. Im höheren Sinne steht
Schwarz auf Gewinn. Jetzt folgt die technische Phase.} 15. Qf2 f6 $1 {[%cal
Yf8f2]} 16. Rg1 (16. Bxa7 $2 Qa5 17. Be3 {[%cal Ge3c1]} fxg5 18. Rd5 (18. Bxg5
$2 Qxa2+ $1 19. Kxa2 Ra8+ 20. Kb1 Ra1#) 18... Qa3 19. Bc1 Qb4 20. Rxg5 Qxe4 21.
Bg2 Nf4 $19) 16... Qa5 (16... fxg5 $6 17. Bxg5 Z0 18. Rxd6 $140) 17. Qh4 (17.
gxf6 Nxf6 $17 (17... Rxf6 $2 18. Rd5 {[%cal Rd5h5,Rd5a5,Yg1g8]})) 17... b5 {
[%cal Rb5c4] Eliminiert die Möglichkeit Bc4} 18. Nd4 {[%cal Yd4f5] Weiß sucht
Gegenspiel.} (18. gxf6 Bxf6 $17) 18... Qa3 19. Bc1 Qc5 {[%csl Rg1][%cal Yc5g1]
Mit diesem eleganten Manöver verhindert Schwarz Nf5: Der R auf g1 hängt.} 20.
Nf3 (20. Bb2 $2 Bxd4 $19 {[%csl Rc2][%cal Rc5c2]}) 20... f5 $1 {Sehr schön.
Erst hat der f-Bauer den g5 bedroht, nun wendet er sich dem e4 zu.} 21. Rd5 (
21. exf5 Bxf5 $19 {[%csl Rc2][%cal Rf5c2] wäre furchtbar.}) 21... Qc7 22. Bxb5
(22. Z0 $140 Bg7 23. Bd3 e6 $19) 22... Bxb5 23. Rxb5 Qc6 (23... e6 $5 24. exf5
$140 a6 25. fxg6 hxg6 26. Qe4 axb5 27. Qxg6+ Ng7 $19) 24. Rd5 e6 25. Rdd1 fxe4
26. Nd2 d5 27. Nf1 Bd4 28. Rg2 Qc3 (28... Qc3 29. Rxd4 Rxf1 $19) 0-1

[Event "Olympiad-38"]
[Site "Dresden"]
[Date "2008.11.17"]
[Round "5"]
[White "Vallejo Pons, Francisco"]
[Black "Azarov, Sergei Nikolaevich"]
[Result "1-0"]
[WhiteElo "2664"]
[BlackElo "2613"]
[Annotator "Schulz,Andre"]
[PlyCount "129"]
[EventDate "2008.11.13"]
[EventType "team-swiss"]
[EventRounds "11"]
[EventCountry "GER"]
[SourceTitle "CBM 128"]
[Source "ChessBase"]
[SourceDate "2009.01.28"]
[SourceVersion "1"]
[SourceVersionDate "2009.01.28"]
[SourceQuality "1"]
[WhiteTeam "Spain"]
[BlackTeam "Belarus"]
[WhiteTeamCountry "ESP"]
[BlackTeamCountry "BLR"]

1. e4 c5 2. Nf3 d6 3. d4 cxd4 4. Nxd4 Nf6 5. Nc3 g6 6. Be3 Bg7 7. f3 O-O 8. Qd2
Nc6 9. g4 {Dieser Zug ist normalerweise ein Versuch, in die Fahrwasser der
Variante 9.0-0-0 Nxd4 10.Bxd4 Be6 zu kommen, wobei Schwarz die Möglichkeit zu
9...d5 genommen wird.} Be6 {Mit diesem Zug stellt Schwarz die positionelle
Drohung 10...d5 auf. Das ist die von der Theorie empfohlene Fortsetzung.} ({
Sofort} 9... d5 {scheitert nun schlicht an} 10. g5 Nh5 11. exd5 {mit
Bauernverlust.}) ({Nicht empfohlen wird außerdem das direkte} 9... Nxd4 10.
Bxd4 Be6 {denn nun stellt Weiß die Rochade zurück und spielt sofort.} 11. h4 $1
) ({Interessante Alternativen für Schwarz sind jedoch: A:} 9... e5 $5 {
(Chiburdanidze 1980) Dieser Zuge wird von der Theorie bisher als nicht
gleichwertig angesehen, bietet aber einige unangenehme Überraschungsmomente,
besonders für einen unvorbereiteten Gegner:} 10. Nb3 (10. Nde2 Be6 11. O-O-O
Qa5 12. Qxd6 Rfd8 $11) (10. Ndb5 $2 a6 11. Nxd6 Nd4 12. Bxd4 exd4 13. Nxc8 dxc3
14. Qxd8 Rxd8 15. Nb6 cxb2 16. Rb1 Rab8 $17) 10... a5 11. Bb5 (11. a4 Be6 $11)
11... a4 $1 12. Bxa4 (12. Nxa4 Bxg4 13. fxg4 Nxe4 14. Qg2 Qh4+ 15. Kd1 d5 16.
Nb6 Rad8 $13 {Schwarz hat einen Bauern für die Figur und aktives Figurenspiel
gegen den weißen König im Zentrum.}) 12... d5 13. exd5 Nd4 $1 (13... Nxd5 14.
Qxd5 (14. Nxd5 Nd4 $11) 14... Qxd5 15. Nxd5 Rxa4 $14) 14. Nxd4 exd4 15. Bxd4
Rxa4 16. Nxa4 Re8+ 17. Kf1 Bxg4 18. Bb6 (18. fxg4 Qxd5 19. Rg1 Ne4 $19) 18...
Qd7 19. fxg4 Qxa4 $44 {und sehr wahrscheinlich hat Schwarz hier mehr als nur
Kompensation.}) ({B:} 9... Bxg4 $5 {Gufeld (1958)} 10. fxg4 Nxg4 {und jetzt
lautet die Empfehlung der Theorie} 11. Nb3 {. Mit} d5 {kann Schwarz aber nun
einiges Öl ins Feuer gießen:} ({Nach} 11... a5 $6 12. a4 Nb4 13. O-O-O Rc8 14.
Kb1 Nxe3 15. Qxe3 {hat Weiß gute Chancen seinen Materialvorteil zu verwerten
wie in Pavlov,S (2306)-Kislinsky,A (2441)/Kiev 2004/CBM 098 ext (1-0, 48)}) 12.
exd5 Bxc3 ({Oder auch} 12... Nxe3 13. Qxe3 Bxc3+ 14. bxc3 (14. Qxc3 Qxd5 15.
Rg1 Qe4+ 16. Be2 Nb4 $44) 14... Qxd5 15. Rg1 Rad8 $13) 13. bxc3 (13. Qxc3 Qxd5
$13 (13... Nxe3 $2 14. dxc6 Qb6 15. Qc5 $16)) 13... Nxe3 14. dxc6 Qb6 15. cxb7
Rad8 16. b8=Q Rxb8 17. Nd4 Nxf1 18. Rxf1 Rbd8 $11) 10. Nxe6 {Dies ist
ehrgeiziger als die Hauptvariante} (10. O-O-O Nxd4 11. Bxd4 Qa5 12. Kb1 Rfc8
13. a3 Rab8 14. g5 Nh5 15. Nd5 Qxd2 16. Rxd2 Bxd5 17. exd5 a6 18. Rg1 b5 $11 {
1-0 Karpov,A (2630)-Dueball,J (2425)/Skopje 1972/EXT 2000 (64)}) 10... fxe6 11.
O-O-O (11. Bc4 Qc8 12. Bb3 Na5 {Am einfachsten:} (12... Ne5 13. Qe2 Nxf3+ 14.
Qxf3 Nd5 15. Qxf8+ (15. Nxd5 Rxf3 16. Nxe7+ Kh8 17. Nxc8 Rxe3+ 18. Kf2 Rxe4 19.
Nxd6 Rf8+ 20. Kg3 Re3+ 21. Kg2 Re2+ 22. Kg3 Be5+ 23. Kh4 Bxd6 $15) 15... Qxf8
16. exd5 Qf3 17. Kd2 Bxc3+ 18. bxc3 Rf8 (18... Qg2+ 19. Kd3 exd5 20. Rhg1 Qe4+
21. Kd2 Qe5 22. Rae1 $14) 19. dxe6 Qg2+ 20. Kd3 d5 21. Rae1 a5 22. a4 Qe4+ 23.
Kd2 Qg2+ 24. Kc1 Qxg4 25. Bb6 Rc8 26. Kb2 $18 {1-0 Melanko,I-Korhonen,A/Espoo
1997/EXT 2000 (47)}) 13. O-O-O Nxb3+ 14. cxb3 (14. axb3 Qc6 $11) 14... Nd7 {
1/2-1/2 Varga,Z-Golubev,M (2530)/Baile Tusnad 1997/EXT 1999 (21)}) 11... Ne5
12. Be2 Rc8 ({Die (vielleicht einfachere) Alternative ist:} 12... Qc8 13. Bh6 (
13. h4 Nc4 14. Bxc4 Qxc4 15. h5 Nd7 16. hxg6 hxg6 $11) 13... Bxh6 14. Qxh6 Qc5
15. h4 Kh8 {1/2-1/2 Campora,D (2540)-Kudrin,S (2555)/Bern 1988/CBM 008 (51)})
13. Nb5 Qd7 14. Nxa7 $146 {Mit Sicherheit von Vallejo Pons vorbereitet.} ({
Bisher spielte man hier zumeist} 14. Nd4 Nc4 15. Bxc4 Rxc4 16. Kb1 Rfc8 17. c3
b5 18. h4 a5 19. h5 b4 20. cxb4 Rxb4 {mit zweischneidigem Spiel.}) 14... Ra8
15. Kb1 b5 $2 {Schwarz möchte sich beim Rückzug des Springers über b5 die
b-Linie öffnen.} ({Einfacher und besser war} 15... b6 16. Nb5 (16. Bxb6 $2 Rfb8
17. Bd4 Rxa7 18. Bxa7 Qxa7 19. c3 {mit Drachentraumstellung:} Nexg4 20. fxg4
Nxe4 21. Qc1 Nxc3+ 22. Ka1 Qxa2#) 16... Nxf3 17. Bxf3 Qxb5 18. e5 Nd5 (18...
Nxg4 19. Bxg4 Qc4 20. a3 Qxg4 21. exd6 exd6 22. Qxd6 Qc4 23. Rhe1 $14) 19. Bxd5
exd5 20. Qxd5+ Qxd5 21. Rxd5 Bxe5 {und die Bewertung dieses Endspiels
entscheidet auch über den Wert der Neuerung 14.Nxa7.}) 16. g5 Nh5 17. Nxb5 Nxf3
{Den Springer kann Weiß zwar nicht nehmen, weill sonst b5 hängt, aber für Weiß
öffnen sich nun interessante Linien (f-Linie, g4-e6-Diagonale). Gute
Alternativen gab es für Schwarz indes nicht.} (17... Rxf3 18. Rhf1 $16 (18.
Bxf3 $2 Qxb5 19. Qe2 Nc4 $132)) (17... Rfb8 18. c4 Qc6 19. Rc1 $18) 18. Qb4 (
18. Bxf3 $4 Qxb5 $19 {[%csl Rb2,Rf3]}) 18... Ne5 (18... Rab8 19. a4 $18) (18...
Nh4 $5 19. Rdf1 (19. Rhg1 Nf4) 19... Ng2 20. Rxf8+ Rxf8 21. Bd2 Nhf4 22. Bg4
Qc6 23. a4 $16) 19. Rhf1 $1 {Schwarz muss nun entweder die f-Linie aufgeben
oder Türme tauschen. Bei reduziertem Material gewinnen die weißen Freibauern
am Damenflügel an Kraft.} ({Nach} 19. Bxh5 gxh5 {verschenkt Weiß einigen
Vorteil, da sein Läufer viel aktiver war als der schwarze Randspringer.}) 19...
Rfc8 20. Qb3 Kh8 21. Bd4 Rab8 22. a4 Nc6 23. Bc3 e5 (23... Bxc3 24. Qxc3+ Ng7
$2 25. Rf7 e5 26. Nxd6 $18) 24. Bxh5 {Da der Springer drohte, über f4 ins
Spiel zu kommen.} gxh5 25. Qd5 Qg4 26. Rg1 Qh3 27. Qd3 Qe6 28. g6 $2 {Vergibt
einigen Vorteil, da Schwarz nun eine mobile Bauernmehrheit am Königsflügel
erhält.} (28. b3 $18) 28... hxg6 29. Qd5 Nd8 30. Rdf1 Kh7 (30... Qxd5 $1 31.
exd5 Kh7) 31. Rf3 Rc4 $2 (31... Qxd5 {war auch hier noch die beste Fortsetzung
für Schwarz:} 32. exd5 Bh6 33. Rfg3 g5 {und Weiß muss nun erst einmal seine
Aufstellung verbessern, bervor er daran gehen kann, seinen Vorteil am
Damenflügel zu realisieren. Schwarz hat nun aber mit seinen Bauern am
Königsflügel Gegenspiel.} 34. Be1 (34. b4 $2 Ra8 35. a5 $2 Rcb8 36. Nc7 Rxa5
$17) 34... Rc5 35. Nc3 Kg6 $14) 32. b3 Rc5 (32... Qxd5 {ist nun nicht mehr so
stark, da Schwarz Zeit mit seinem Turm verloren hat.} 33. exd5 Rh4 34. Rfg3 $16
{g6 fällt.}) 33. Qd1 h4 34. Bd2 Nc6 35. Rf5 $2 ({Es gewann leicht} 35. Qe1 Bf6
(35... Nd4 36. Qxh4+ Kg8 37. Rh3 $18) 36. Bg5 Kg7 37. Qxh4 $18) 35... Nd4 (
35... gxf5 $2 36. Qh5+ Kg8 37. Rg6 Qf7 38. Bh6 $18) 36. Nxd4 exd4 37. Rxc5 dxc5
38. Qg4 Qf7 $2 ({Das Endspiel nach} 38... Qxg4 39. Rxg4 Bf6 40. Bg5 Bxg5 (40...
c4 $5) 41. Rxg5 Rc8 42. Rg4 Kg7 43. Rxh4 Kf6 44. Kb2 $14 {ist bei weitem kein
Selbstgänger für Weiß.}) 39. Qxh4+ Kg8 40. Qg3 $18 Rb6 41. a5 Rf6 42. Qd3 Rf3
43. Qc4 e6 ({Wieder war der Damentausch die bessere Option für Schwarz.} 43...
Qxc4 44. bxc4 Kf7 45. Bc1 Rf6 46. Kb2 Ra6 47. Bd2 Be5 $16) 44. a6 d3 45. cxd3
Kh7 46. e5 Bxe5 47. Qh4+ Kg8 48. Qg5 Rxd3 (48... Rf5 49. Qxg6+ Qxg6 50. Rxg6+
Kf7 51. a7 $18) 49. Qxe5 Rxd2 50. a7 Rd8 51. Qb8 Qf8 52. Qc7 Qf5+ 53. Ka2 Rf8 {
droht tatsächlich ...Qf2 und Schwarz gewinnt.} 54. Rg2 Qe4 55. Rd2 Qe3 56. Qd6
Qe4 57. Qxf8+ Kxf8 58. Rd8+ Ke7 59. a8=Q Qc2+ 60. Ka3 Qc1+ 61. Ka4 Qf4+ 62. Kb5
Qb4+ 63. Kc6 Qxb3 64. Rd7+ (64. Qa7+ Kf6 65. Rf8+ Kg5 66. Qxc5+ Kg4 67. Qg1+
Kh5 68. Rh8#) 64... Kf6 65. Qf8+ {Nun gab Schwarz doch noch auf.} 1-0

[Event "MK Cafe Cup-A"]
[Site "Koszalin"]
[Date "1999.08.05"]
[Round "3"]
[White "Mainka, Romuald"]
[Black "Bobras, Piotr"]
[Result "0-1"]
[WhiteElo "2476"]
[BlackElo "2394"]
[Annotator "Schulz,Andre"]
[PlyCount "72"]
[EventDate "1999.08.03"]
[EventType "swiss"]
[EventRounds "9"]
[EventCountry "POL"]
[SourceTitle "CBM 073"]
[Source "ChessBase"]
[SourceDate "1999.12.01"]
[SourceVersion "1"]
[SourceVersionDate "1999.12.01"]
[SourceQuality "1"]

1. e4 c5 2. Nf3 d6 3. d4 cxd4 4. Nxd4 Nf6 5. Nc3 g6 6. Be3 Bg7 7. Qd2 Nc6 8. f3
O-O 9. O-O-O d5 10. Qe1 e6 11. h4 Qc7 12. h5 Nxh5 13. g4 Nxd4 14. Bxd4 Bxd4 15.
Rxd4 Qf4+ (15... Qe5 16. Qd2 Ng3 17. Rg1 dxe4 18. f4 Nxf1 (18... e3 $5) 19.
Rxf1 Qg7 20. g5 e5 21. Rd6 e3 22. Qxe3 exf4 23. Qxf4 $16 {1-0 Mainka,
R-Alterman,B/London 1994/CBM 43 ext (51)}) 16. Kb1 Qxf3 {Ein neuer Zug, dessen
Idee taktisch auf dem ungedeckten Td4 basiert.} (16... Ng3 17. Rh3 Nxf1 18.
Qxf1 f6 (18... h5 $5) 19. Qd1 Qc7 (19... dxe4 20. Rd8 Qc7 21. Rxf8+ Kxf8 22.
Nxe4 $16) 20. exd5 exd5 21. Nxd5 $16 {1-0 Vogt,L-Schlemmermeyer,W/Germany 1996/
GER-chT (40)}) 17. Be2 ({Eine kritische Variante entsteht auch nach} 17. Qh4 $5
{, z.B.:} Qf6 18. gxh5 (18. Qxf6 $2 Nxf6 19. g5 Nxe4 20. Nxe4 dxe4 $19) 18...
Qxd4 19. hxg6 h6 $1 (19... h5 20. Qxh5 Qg7 21. gxf7+ Rxf7 22. exd5 Rf5 (22...
exd5 23. Qxd5 Bf5 24. Bc4 Rc8 25. Bb3 $18) 23. Qh4 $16) 20. Qxh6 Qg7 21. gxf7+
(21. Qh2 $5) 21... Rxf7 22. Qh2 Qh7 23. Qg3+ (23. Qxh7+ Rxh7 24. Rxh7 Kxh7 25.
exd5 exd5 $17) (23. Bh3 e5 24. Rg1+ Kf8 (24... Rg7 25. Rxg7+ Qxg7 26. Bxc8 Rxc8
$17) 25. Qxe5 Bxh3 26. Qd6+ Ke8 27. Nxd5 Qg7 $1 28. Nc7+ Rxc7 29. Rxg7 Rxg7 30.
b4 Re7 $19) 23... Rg7 24. Qf3 dxe4 25. Nxe4 Qf5 26. Qe3 $14) 17... Qf6 18. Rd3
Nf4 (18... dxe4 19. Rdh3 e5 20. gxh5 Bxh3 21. Rxh3 $16) 19. Rf3 d4 (19... g5 $5
) 20. e5 $5 Qxe5 21. Qh4 h5 (21... Qg7 $2 22. Ne4 Nd5 23. g5 Z0 24. Bc4 $36 {
><f6}) 22. Ne4 $2 (22. gxh5 $5 g5 (22... Nxh5 23. Ne4 {[%cal Re4f6]} f6 (23...
Kg7 24. Rg3 (24. Nf6 Rh8) 24... Rh8 25. Bxh5) 24. Rg3 $18) 23. Rg1 f6 24. Rxf4
Kh7 25. Bd3+ Kh6 (25... Kh8 26. Rxg5 $16) 26. Rfg4 dxc3 27. Qf2 Bd7 $17) 22...
Nxe2 $4 (22... Qxe4 $4 23. gxh5 e5 24. hxg6 $18) (22... f6 $8 $19 23. Z0 g5
$140) 23. gxh5 $4 (23. Nf6+ $142 $1 Kg7 24. Nxh5+ (24. Rf5 Qxf5 (24... exf5 25.
Nxh5+ Kg8 26. Nf6+ Kg7 27. g5 $18) (24... gxf5 25. Qg5+ Kh8 26. Rxh5#) 25. gxf5
exf5 26. Nxh5+ $18) 24... gxh5 25. Rf5 Qxf5 (25... exf5 26. Qg5+ Kh8 27. Rxh5#)
26. gxf5 Rg8 27. Qg5+ Kf8 28. Qd8+ Kg7 29. f6+ $18) 23... g5 $1 24. Nxg5 Bd7
25. h6 Bc6 26. Nxf7 Rxf7 27. Qg4+ Kh8 28. Rxf7 Bxh1 29. Qg6 Nc3+ $8 30. bxc3
Qe1+ 31. Kb2 dxc3+ (31... Qxc3+ $4 32. Kc1 Qe1+ $11) 32. Ka3 Qc1+ 33. Kb3 (33.
Kb4 a5+ 34. Kc4 Rc8+ 35. Kd4 e5+ 36. Kxe5 Qe3+ 37. Kd6 Qb6+ $19) 33... Bd5+ 34.
Kxc3 Rc8+ 35. Kd4 Qb2+ 36. Ke3 Qc3+ 0-1

[Event "Donetzk zt"]
[Site "Donetsk"]
[Date "1998.11.05"]
[Round "4"]
[White "Sulypa, Oleksandr"]
[Black "Golubev, Mikhail"]
[Result "1-0"]
[WhiteElo "2415"]
[BlackElo "2515"]
[Annotator "Schulz,Andre"]
[PlyCount "61"]
[EventDate "1998.11.02"]
[EventType "swiss"]
[EventRounds "11"]
[EventCountry "UKR"]
[SourceTitle "CBM 068"]
[Source "ChessBase"]
[SourceDate "1999.02.01"]
[SourceVersion "1"]
[SourceVersionDate "1999.02.01"]
[SourceQuality "1"]

1. e4 c5 2. Nf3 d6 3. d4 Nf6 4. Nc3 cxd4 5. Nxd4 g6 6. Be3 Bg7 7. f3 O-O 8. Qd2
Nc6 9. O-O-O d5 10. exd5 Nxd5 11. Nxc6 bxc6 12. Bd4 e5 13. Bc5 Be6 14. Ne4 Re8
15. Bc4 (15. h4) 15... f5 $5 {Wenn Weiß nicht g2-g4 gespielt hat, kann Schwarz
sich das erlauben, glaubt er.} (15... h6 16. g4 Qc7 17. g5 h5 18. h4 Red8 19.
Qf2 Nf4 20. Bxe6 Nxe6 21. Bd6 Qb6 22. Qg3 Nd4 23. Rhe1 Nf5 24. Qg1 Qxg1 25.
Rxg1 {1/2-1/2 Degraeve,J-Dobias,R/Cappelle 1992/EXT 92op (25)}) (15... Qc7) 16.
Ng5 Bh6 17. h4 Qf6 18. Kb1 Rad8 19. Rde1 Nc7 $6 ({Weniger ehrgeizig wäre} 19...
Nf4 20. Qc3 Bxc4 21. Qxc4+ Rd5 $11) 20. Qc3 Bxc4 21. Qxc4+ Nd5 22. g4 $1 {
Nach der Öffnung der g-Linie wird die schwarze Stellung sehr ungemütlich.} (22.
Bxa7 $2 Bg7 23. c3 Ra8 24. Bf2 Reb8 $40) 22... Bg7 (22... fxg4 23. Ne4 $16 {
[%csl Ra7,Rd6,Rf6] Mit dominantem weißen Se4 und vielen schwarzen Schwächen 
(a7,d6,f6,e5)}) 23. gxf5 gxf5 24. Rhg1 Rb8 {[%csl Rb2][%cal Re5e4]} ({Nach} 
24... Kh8 $2 {folgt} 25. f4 $1 {und eine Menge Tricksereien:} exf4 26. Rxe8+
Rxe8 27. Bd4 Qxd4 28. Qxd4 Re1+ (28... Bxd4 29. Nf7#) 29. Rxe1 Bxd4 30. Re6 $16
) 25. c3 h6 26. Nh3 Kh7 27. Ka1 Rb7 28. h5 Qf7 29. Rg6 Nf6 30. Qh4 Nxh5 $4 (
30... Qd5 {[%csl Rc5][%cal Rd5d2]} 31. Be3 $16) 31. Ng5+ $1 (31. Ng5+ hxg5 32.
Qxh5+ Kg8 33. Rh1 {[%csl Rh8][%cal Rh5h8]}) 1-0